Double O World Capitals Quiz Stats

Quiz not verified by Sporcle

Challenge
Share
Tweet
Embed
Score 0/23 Timer 04:00
0 Plays Today
Capital % Correct
London
90%
Moscow
88.6%
Oslo
84.1%
Stockholm
82.6%
Tokyo
80.6%
Porto Novo
79.1%
Bogota
78.6%
Port Moresby
74.1%
Podgorica
73.1%
Port Louis
71.6%
Port of Spain
69.7%
Montevideo
69.7%
Capital % Correct
Ouagadougou
69.2%
Moroni
67.7%
Santo Domingo
67.2%
Monaco
66.7%
Georgetown
63.2%
Dodoma
63.2%
Monrovia
54.2%
Yamoussoukro
51.7%
Sao Tome
51.2%
Gaborone
48.8%
Nouakchott
47.3%

You're not logged in!

Compare scores with friends on all Sporcle quizzes.
Sign Up with Email
OR
Log In

You Might Also Like...

Show Comments

Extras

Top Quizzes Today


Score Distribution

Your Account Isn't Verified!

In order to create a playlist on Sporcle, you need to verify the email address you used during registration. Go to your Sporcle Settings to finish the process.